Statistics for Highest Scoring NHL Players of the 2020s

Click here to take the quiz!

General Stats

  • This quiz has been taken 64 times
  • The average score is 19 of 21

Answer Stats

PointsTeamPlayer% Correct
337Toronto Maple LeafsAuston Matthews
100%
478Edmonton OilersConnor McDavid
100%
453Colorado AvalancheNathan MacKinnon
100%
432Edmonton OilersLeon Draisaitl
98%
303Boston BruinsBrad Marchand
96%
274Washington CapitalsAlexander Ovechkin
95%
341New York RangersArtemi Panarin
95%
333Boston BruinsDavid Pastrňák
95%
330Toronto Maple LeafsMitch Marner
95%
317Florida Panthers*Matthew Tkachuk
91%
286Pittsburgh PenguinsSidney Crosby
91%
290Tampa Bay LightningSteven Stamkos
91%
286Florida PanthersAleksander Barkov
89%
309Calgary Flames*Jonathan Huberdeau
88%
302Colorado AvalancheMikko Rantanen
86%
297New York RangersMika Zibanejad
82%
296Winnipeg JetsKyle Connor
80%
295Columbus Blue Jackets*Johnny Gaudreau
79%
299Vancouver CanucksJ.T. Miller
79%
274Winnipeg JetsMark Scheifele
79%
299New York Rangers*Patrick Kane
77%

Score Distribution

Percentile by Number Answered

Percent of People with Each Score

Your Score History

You have not taken this quiz